[Event "Caldense-ch"]
[Site "Manizales"]
[Date "2017.10.26"]
[Round "2"]
[White "Cardona, Enrique"]
[Black "Riascos, Guillermo"]
[Result "0-1"]
[WhiteElo "1555"]
[BlackElo "1799"]
[PlyCount "33"]
[EventDate "2017.10.26"]
[EventType "swiss"]
[EventRounds "8"]
[EventCountry "COL"]
[SourceTitle "CBM 181 Extra"]
[Source "ChessBase"]
[SourceDate "2017.12.12"]
[SourceVersion "1"]
[SourceVersionDate "2017.12.12"]
[SourceQuality "1"]

1. d4 Nf6 2. c4 e5 3. dxe5 Ng4 4. Nf3 Nc6 5. Nc3 Ngxe5 6. e4 Bb4 7. Bd2 0-0 8. Be2 Re8 9. 0-0 Nxf3+ 10. Bxf3 Nd4 11. Re1 c6 12. g3 Nxf3+ 13. Qxf3 Bc5 14. Kg2 a5 15. a3 h6 16. Rad1 Qe7 17. e5 0-1

[Event "Manizales op 21st"]
[Site "Manizales"]
[Date "2009.01.08"]
[Round "1"]
[White "Cardona, Enrique"]
[Black "Toro Henao, Juan Sebastian"]
[Result "1-0"]
[WhiteElo "1666"]
[BlackElo "1503"]
[PlyCount "71"]
[EventDate "2009.01.08"]
[EventType "swiss"]
[EventRounds "7"]
[EventCountry "COL"]
[SourceTitle "CBM 128 Extra"]
[Source "ChessBase"]
[SourceDate "2009.03.05"]
[SourceVersion "2"]
[SourceVersionDate "2009.03.25"]
[SourceQuality "1"]

1. c4 Nf6 2. Nc3 g6 3. g3 Bg7 4. Bg2 0-0 5. d4 d6 6. e4 e5 7. Nge2 Re8 8. d5 Nbd7 9. 0-0 Nh5 10. g4 Nhf6 11. f3 Nf8 12. Be3 N6d7 13. Qd2 f5 14. gxf5 gxf5 15. Bg5 Nf6 16. exf5 Bxf5 17. Ng3 Bg6 18. h4 Qd7 19. Kh2 Qf7 20. Bh3 Kh8 21. Nce4 Nh5 22. Nxh5 Bxh5 23. Qe3 Bg6 24. Ng3 a5 25. Rae1 Ra6 26. a4 Rb6 27. b3 Bc2 28. Rb1 Bxb1 29. Rxb1 Ng6 30. Nh5 Rf8 31. Bg4 Nf4 32. Nxg7 Kxg7 33. h5 Nxh5 34. Bh6+ Kh8 35. Bxf8 Qxf8 36. Bxh5 1-0